| 000 | 00629nam a22002057a 4500 | ||
|---|---|---|---|
| 008 | 150923b xxu||||| |||| 00| 0 eng d | ||
| 020 | _a0131014986 | ||
| 041 | 0 | _aeng | |
| 080 | _a658:004 | ||
| 100 | 1 | _aLaudon, Kenneth C., | |
| 245 | 1 | 0 |
_aManagement information systems : _cKenneth C. Laudon, Jane P. Laudon. |
| 250 | _a8th ed. | ||
| 260 |
_aUpper Saddle River, N.J. : _bPrentice Hall, _c2004. |
||
| 300 |
_axxxii, 534 f. : _bme il.; _c29 cm. |
||
| 650 | 0 | _aMenaxhimi i sistemeve te informacionit | |
| 650 | 0 | _aBiznes | |
| 650 | 0 | _aKompjuterët | |
| 700 | 1 | _aLaudon, Jane P. | |
| 942 |
_2udc _cBK |
||
| 999 |
_c1173 _d1173 |
||